Statistics for Lord of the Rings (the one quiz to rule them all)

Click here to take the quiz!

General Stats

  • This quiz has been taken 839 times
  • The average score is 9 of 12

Answer Stats

HintAnswer% Correct
What is the color of the wizard Rhadaghast?Brown
91%
Who is the living son of the steward of GondorFaramir
91%
Total number of rings sauron made20
85%
The white city is also known asMinas Tirith
83%
Which movie does the above character first appearThe two towers
80%
The father of LegolasThranduil
79%
Who was the nephew of OinGimli
75%
How many farthings are there in the shire4
74%
Tom Bombadil was found in which of the lord of the rings booksThe Fellowship of the Ring
71%
The name of the abandoned city taken over by the NazgulMinas Morgul
69%
Baruk Khazad Khazad ai menu - which people group uses this battle cryDwarves
57%
The name of elronds swordHadhafang
9%

Score Distribution

Percentile by Number Answered

Percent of People with Each Score

Your Score History

You have not taken this quiz